000 00599nam a2200229Ia 4500
003 OSt
005 20220918195449.0
006 a|||||r|||| 00| 0
007 ta
008 220917b |||||||| |||| 00| 0 eng d
024 _a85,052
037 _cTextual
040 _aARTS
_cARTS
_beng
041 _2eng
_aeng
082 _aSM95xM56:5, J4;K0
100 _aFreud Sigmund
_942725
245 0 _aPsychopatyhology of everyday life tr by A A Brill
260 _c1954
650 _aPSYCHOLOGY
942 _hSM95xM56:5, J4;K0
_cTEXL
_2CC
999 _c208766
_d208766